00715nam a2200229 a 4500001001300000003000900013005001700022008004100039020001000080082001500090100001700105245006400122260006400186300000900250500003500259650002600294700001700320902000800337942000700345952011600352999001700468nice12345678IN_TiNIC20260116014313.0070411s2007 noia grp 000 0 eng  ac25000a350.9bFOG aGogla, Manoj aSocial Accountability Standards for Voluntary Organisations aNoida bFinancial Management Service Foundationnoida c2007 a328p aincludes index and biblioraphy aAccountability-Public1 aGogla, Manoj bSRS cBK 001040708StackRoom-aHMIbHMId2007-04-11g250.00l0o350.9 FOGp022013r2007-04-11v250.00w2007-04-11yBK c14729d14729